00851naa a22002537a 4500001001000000003000900010005001700019007000300036008003400039040005400073041000900127072001900136100002100155245008300176260003700259500010400296650002000400650002100420650001400441650001000455650002200465650000900487773010100496BR6400030BR-BrBNA20240918173254.0ta230509b bl.||||| |||| 00| 0 por d aBR-BrBNAbporcBiblioteca Nacional de Agricultura a(Pt) aH10; H20b03321 aLordello, L.G.E.1 aNematoides nocivos a cultura do amendoim [Arachis hipogaea; Meloidogyne hapla]3 aSao Paulo, SP (Brasil): c1964.  aCultura do Amendoim. Coletanea de artigos Sao Paulo, SP (Brasil): 1964. p. 54-56 (BR6400030-AM)H10  aPraga de planta aDoenca de planta aNematoide aGalha aPlanta hospedeira aRaiz0 tCultura do Amendoim. Coletanea de artigoswH10 BR6400030gSao Paulo, SP (Brasil), 1964. p. 54-56